Riadenie štátneho dlhu a likvidity v Slovenskej republike a v krajinách Európskej únie diplomová práca

Salvato in:
Dettagli Bibliografici
Autore principale: Minarovjechová, Martina
Ente Autore: Národohospodárska fakulta EU. Katedra financií
Altri autori: Baláži, Peter
Natura: Libro
Lingua:slovacco
Pubblicazione: Bratislava 2009
Tags: Aggiungi Tag
Nessun Tag, puoi essere il primo ad aggiungerne!!

MARC

LEADER 00000nam$a2200000$$$4500
001 0096749
005 20240318141509.2
041 0 |a slo 
044 |a SK 
245 1 0 |a Riadenie štátneho dlhu a likvidity v Slovenskej republike a v krajinách Európskej únie  |b diplomová práca  |c Martina Minarovjechová ; škol. Peter Baláži 
264 1 |a Bratislava  |c 2009 
300 |a 89 s. 
100 1 |a Minarovjechová, Martina 
700 1 |a Baláži, Peter 
710 2 |a Národohospodárska fakulta EU. Katedra financií